Statistiques concernant Les 30 pays où la surface forestière est la plus étendue (en pourcentage du territoire total)

Cliquez ici pour prendre le quiz!

Statistiques générales

  • Ce quiz a été pris 124 fois
  • Le résultat moyen est 10 sur 30

Statistiques - réponses

%Pays% Correct
56,10Brésil
99%
65,70République du Congo
72%
74,90Suède
55%
69,00Finlande
54%
70,26Guyana
52%
90,20Suriname
50%
56,93Panama
45%
71,60Laos
43%
59,50Malaisie
42%
63,64Birmanie
39%
60,00Honduras
39%
67,00Japon
38%
71,98Belize
37%
85,00Gabon
37%
63,60Papouasie-Nouvelle-Guinée
37%
58,18Guinée-Équatoriale
29%
63,25Corée du Nord
27%
64,00Corée du Sud
27%
64,50Bhoutan
23%
79,00Îles Salomon
20%
89,12Tuvalu
20%
78,00Mozambique
19%
57,36Guinée-Bissau
17%
89,74Micronésie
16%
60,00Taïwan
16%
66,35Zimbabwe
15%
87,15Palaos
12%
59,80Slovénie
12%
89,45Seychelles
10%
65,00Dominique
6%

Distribution des résultats

Percentile par nombre de réponses

% des personnes avec chaque résultat

Votre développement - résultats

Vous n’avez pas pris ce quiz